000
00259nam a2200121Ia 4500
008
221030s9999 xx 000 0 und d
041
_a
English
082
_b
MBA
245
0
_a
Business Research Methods
_b
CD
260
_c
2016
650
_a
Book
942
_c
CD
999
_c
17191
_d
17191